[Event "LSS SN-2006-0-00002"]
[Site "LSS email"]
[Date "2006.05.29"]
[Round "?"]
[White "Sergeev, Valery"]
[Black "Puri, Chaand"]
[Result "0-1"]
[WhiteElo "800"]
[BlackElo "534"]
[PlyCount "20"]
[EventDate "2006.04.24"]
[EventType "tourn (corr)"]
[EventCountry "GER"]
[SourceTitle "Corr 2015"]
[Source "ChessBase"]
[SourceDate "2015.07.17"]
[SourceVersion "1"]
[SourceVersionDate "2015.07.17"]
[SourceQuality "1"]

1. e4 e5 2. f4 d6 3. Nf3 Nf6 4. Bc4 Nc6 5. 0-0 Qd7 6. d4 exd4 7. Ng5 d5 8. exd5 Nb4 9. Re1+ Be7 10. Nxf7 Rf8 0-1